Construction And Standardization of An Attitude to Measure The Attitude of Class ix High School Students In Shillong Towards Science (Record no. 182773)
[ view plain ]
| 000 -LEADER | |
|---|---|
| fixed length control field | 00381nam a22001217a 4500 |
| 041 ## - LANGUAGE CODE | |
| Language code of text/sound track or separate title | eng |
| 082 ## - DEWEY DECIMAL CLASSIFICATION NUMBER | |
| Classification number | DS 373.1260957164 |
| 100 ## - MAIN ENTRY--AUTHOR NAME | |
| Personal name | Datta, Anjalee |
| 245 ## - TITLE STATEMENT | |
| Title | Construction And Standardization of An Attitude to Measure The Attitude of Class ix High School Students In Shillong Towards Science |
| 260 ## - PUBLICATION, DISTRIBUTION, ETC. (IMPRINT) | |
| Place of publication | Shillong |
| Name of publisher | NEHU |
| Year of publication | 1979 |
| 300 ## - PHYSICAL DESCRIPTION | |
| Number of Pages | V,41,p: |
| Dimensions | 29cm. |
| 942 ## - ADDED ENTRY ELEMENTS (KOHA) | |
| Koha item type | Thesis |
| Withdrawn status | Lost status | Damaged status | Collection code | Home library | Current library | Shelving location | Date acquired | Full call number | Accession Number | Copy number | Koha item type |
|---|---|---|---|---|---|---|---|---|---|---|---|
| THESIS & DISSERTATION | North Eastern Hill University | North Eastern Hill University | Dissertation & Thesis | 09/09/2024 | DS 373.1260957164 | 101482 | ;2 | Thesis |
